Recursion theory week : Proceedings of a conference held in Oberwolfach, FRG, March 19-25, 1989
Αποθηκεύτηκε σε:
| Άλλοι συγγραφείς: | , , |
|---|---|
| Μορφή: | Βιβλίο |
| Γλώσσα: | English |
| Δημοσίευση: |
Berlin ; New York :
Springer-Verlag,
c1990.
|
| Σειρά: | Lecture notes in mathematics (Springer-Verlag)
; 1432 |
| Θέματα: | |
| Ετικέτες: |
Προσθήκη ετικέτας
Δεν υπάρχουν, Καταχωρήστε ετικέτα πρώτοι!
|
MARC
| LEADER | 00000cam a2200000 i 4500 | ||
|---|---|---|---|
| 001 | 1/29460 | ||
| 008 | 941103s1990####gw | ||| |||| ||eng|| | ||
| 020 | |a 3540527729 | ||
| 020 | |a 0387527729 | ||
| 035 | |l 10038326 | ||
| 035 | |a 1993 | ||
| 040 | |a GR-MyUA |b gre |e AACR2 | ||
| 041 | 0 | |a eng | |
| 082 | 0 | |a 511.35 |2 (20) | |
| 245 | 1 | 0 | |a Recursion theory week : |b Proceedings of a conference held in Oberwolfach, FRG, March 19-25, 1989 / |c K. Ambos-Spies, G.H. Muller, G.E. Sacks (eds.) |
| 260 | |a Berlin ; |a New York : |b Springer-Verlag, |c c1990. | ||
| 300 | |a vi, 393 σ. ; |c 25 εκ. | ||
| 490 | 1 | |a (Lecture notes in mathematics (Springer-Verlag) |v ; 1432) | |
| 504 | |a Περιέχει βιβλιογραφικές αναφορές και ευρετήριο. | ||
| 650 | 0 | 0 | |a Recursion theory |x Congresses. |
| 700 | 1 | |a Ambos-Spies, K. |q (Klaus) |e edt | |
| 700 | 1 | |a Müller, G. H. |q (Gert Heinz), |d 1923-2006, |e edt | |
| 700 | 1 | |a Sacks, Gerald E. |e edt | |
| 830 | 0 | |a Lecture notes in mathematics (Springer-Verlag) |v ; 1432 | |
| 852 | |a INST |b SAMOS |e 19941103 |h 511.35 REC |p 005300008251 |q 005300008251 |t BK |y 0 | ||
| 909 | |a Σ |b 029283 | ||